BKM Białystok - 103 kierunek Choroszcz - Statystyki

Ogólne statystyki
  • Ten quiz został rozwiązany 11 razy
  • Średni wynik to 9 z 30
Statystyki odpowiedzi
Hint Odpowiedź % Poprawnych
Białystok Piastowska Pętla
67%
Białystok Branickiego Automobilklub
50%
Białystok Branickiego Urząd Miejski
50%
Choroszcz Choroszcz Cmentarz
50%
Białystok Kolejowa Dworzec PKP
50%
Łyski Łyski
50%
Białystok Al. Jana Pawła II Wierzbowa
33%
Choroszcz Choroszcz Mickiewicza
33%
Choroszcz Choroszcz Mickiewicza Nexmar
33%
Choroszcz Choroszcz Pl. Brodowicza Szpital
33%
Choroszcz Choroszcz Powstania Styczniowego
33%
Choroszcz Choroszcz Sienkiewicza
33%
Choroszcz Choroszcz Warszawska
33%
Nowosiółki Nowosiółki
33%
Porosły Porosły Kolonia
33%
Porosły Porosły Stacja Paliw
33%
Białystok Zwycięstwa Prowiantowa
33%
Białystok Al. Jana Pawła II Bacieczki
17%
Białystok Al. Jana Pawła II Kościół
17%
Białystok Al. Jana Pawła II NSZ
17%
Białystok Al. Jana Pawła II Pomnik
17%
Białystok Al. Jana Pawła II Stacja Paliw
17%
Białystok Al. Piłsudskiego Botaniczna
17%
Białystok Al. Piłsudskiego Kościelna
17%
Białystok Al. Piłsudskiego Rzeka Biała
17%
Białystok Al. Piłsudskiego Waryńskiego
17%
Choroszcz Choroszcz Piaskowa
17%
Choroszcz Choroszcz Rynek 11 Listopada
17%
Choroszcz Choroszcz Zastawie
17%
Łyski Łyski Fabryka Okien
17%
Nie znaleziono quizów pasujących do podanych kryteriów
Rozkład punktacji
Procent ludzi z każdym wynikiem
Percentyl według liczby udzielonych odpowiedzi
Twoja historia wyników
Nie rozwiązałeś tego quizu